High Jump World Leads by Year - Statistics

General Stats
  • This quiz has been taken 25 times
  • The average score is 34 of 96
Answer Stats
Year Answer Result Country % Correct
1998 Javier Sotomayor 2.37 Cuba
89%
1997 Javier Sotomayor 2.37 Cuba
89%
1995 Javier Sotomayor 2.40 Cuba
89%
1994 Javier Sotomayor 2.42 Cuba
89%
1993 Javier Sotomayor 2.45 Cuba
89%
1991 Javier Sotomayor 2.40 Cuba
89%
1989 Javier Sotomayor 2.44 Cuba
89%
1988 Javier Sotomayor 2.43 Cuba
89%
2007 Stefan Holm 2.35 Sweden
78%
2004 Stefan Holm 2.36 Sweden
78%
2017 Mutaz Essa Barshim 2.38 Qatar
67%
2016 Mutaz Essa Barshim 2.40 Qatar
67%
2015 Mutaz Essa Barshim 2.41 Qatar
67%
2014 Mutaz Essa Barshim 2.43 Qatar
67%
2012 Mutaz Essa Barshim 2.39 Qatar
67%
1997 Stefka Kostadinova 2.02 Bulgaria
67%
1996 Stefka Kostadinova 2.05 Bulgaria
67%
1993 Stefka Kostadinova 2.05 Bulgaria
67%
1992 Stefka Kostadinova 2.05 Bulgaria
67%
1988 Stefka Kostadinova 2.07 Bulgaria
67%
1987 Stefka Kostadinova 2.09 Bulgaria
67%
1986 Stefka Kostadinova 2.08 Bulgaria
67%
1985 Stefka Kostadinova 2.06 Bulgaria
67%
2010 Blanka Vlasic 2.05 Croatia
56%
2009 Blanka Vlasic 2.08 Croatia
56%
2008 Blanka Vlasic 2.06 Croatia
56%
2007 Blanka Vlasic 2.07 Croatia
56%
2013 Bogdan Bondarenko 2.41 Ukraine
56%
2017 Mariya Lasitskene 2.06 Russia
56%
1987 Patrick Sjöberg 2.42 Sweden
56%
2014 Ruth Beitia 2.01 Spain
56%
2012 Ivan Ukhov 2.39 Russia
44%
2010 Ivan Ukhov 2.36 Russia
44%
2009 Ivan Ukhov 2.35 Russia
44%
2008 Andrey Silnov 2.38 Russia
33%
2006 Andrey Silnov 2.37 Russia
33%
2015 Anna Chicherova 2.03 Russia
33%
2014 Anna Chicherova 2.01 Russia
33%
2012 Anna Chicherova 2.05 Russia
33%
2011 Anna Chicherova 2.07 Russia
33%
2007 Donald Thomas 2.35 Bahamas
33%
2006 Kajsa Bergqvist 2.05 Sweden
33%
2005 Kajsa Bergqvist 2.03 Sweden
33%
2003 Kajsa Bergqvist 2.06 Sweden
33%
2002 Kajsa Bergqvist 2.05 Sweden
33%
2005 Andrey Sokolovskiy 2.38 Russia
22%
2013 Brigetta Barrett 2.04 United States
22%
2016 Chanté Lowe 2.01 United States
22%
1996 Charles Austin 2.39 USA
22%
1991 Charles Austin 2.40 USA
22%
2010 Chaunté Lowe 2.05 United States
22%
1979 Dietmar Mögenburg 2.32 West Germany
22%
1991 Heike Henkel 2.05 Germany
22%
2005 Jacques Freitag 2.38 South Africa
22%
2002 Jacques Freitag 2.37 South Africa
22%
1979 Rosemarie Ackermann 1.99 East Germany
22%
1977 Rosemarie Ackermann 2.00 East Germany
22%
1980 Sara Simeoni 1.98 Italy
22%
1978 Sara Simeoni 2.01 Italy
22%
1994 Silvia Costa 2.00 Cuba
22%
1989 Silvia Costa 2.04 Cuba
22%
1990 Sorin Matei 2.40 Romania
22%
1992 Steve Smith 2.37 United Kingdom
22%
1982 Ulrike Meyfarth 2.02 West Germany
22%
2001 Vyacheslav Voronin 2.37 Russia
22%
2000 Vyacheslav Voronin 2.40 Russia
22%
1999 Vyacheslav Voronin 2.37 Russia
22%
2009 Yaroslav Rybakov 2.35 Russia
22%
2007 Yaroslav Rybakov 2.35 Russia
22%
1994 Britta Bilac 2.00 Slovenia
11%
1980 Gerd Wessig 2.36 East Germany
11%
2003 Hestrie Cloete 2.06 South Africa
11%
1999 Hestrie Cloete 2.04 South Africa
11%
1986 Igor Paklin 2.38 Soviet Union
11%
1985 Igor Paklin 2.41 Soviet Union
11%
1997 Inga Babakova 2.02 Ukraine
11%
1995 Inga Babakova 2.05 Ukraine
11%
1994 Inga Babakova 2.00 Ukraine
11%
2011 Jesse Williams 2.37 United States
11%
2007 Kyriacos Ioannou 2.35 Cyprus
11%
1984 Lyudmila Andonova 2.07 Bulgaria
11%
2000 Monika Iagar 2.02 Romania
11%
1983 Tamara Bykova 2.04 Soviet Union
11%
2001 Venelina Veneva 2.04 Bulgaria
11%
1998 Venelina Veneva 2.03 Bulgaria
11%
2004 Yelena Slesarenko 2.06 Russia
11%
2003 Aleksander Walerianczyk 2.36 Poland
0%
2009 Andra Manson 2.35 United States
0%
1976 Dwight Stones 2.32 United States
0%
1981 Oleksiy Demyanyuk 2.33 Soviet Union
0%
1978 Volodymyr Yaschenko 2.34 Soviet Union
0%
1977 Volodymyr Yaschenko 2.33 Soviet Union
0%
1990 Yelena Yelesina 2.02 Soviet Union
0%
1984 Zhu Jianhua 2.39 China
0%
1983 Zhu Jianhua 2.38 China
0%
1982 Zhu Jianhua 2.33 China
0%
No matching quizzes found
Score Distribution
Percent of People with Each Score
Percentile by Number Answered
Your Score History
You have not taken this quiz